000
00202 a2200097 4500
020
_a
9781419736421
041
_a
eng
100
_a
Jeff Kinney
245
_a
Diary of a Wimpy kid the meltdown
942
_c
BK
999
_c
30739
_d
30737